| 000 | 01049nas a2200337 4500 | ||
|---|---|---|---|
| 001 | BR2015002119 | ||
| 003 | BR-BrBNA | ||
| 005 | 20231205125307.0 | ||
| 007 | ta | ||
| 008 | 230509b bl.|||p| |||| 00| 00por d | ||
| 040 |
_aBR-BrBNA _bpor _cBiblioteca Nacional de Agricultura |
||
| 041 | _a(En) | ||
| 072 | _aP34 | ||
| 100 | 1 | _aAndrade, A.F.M. de | |
| 100 | 1 | _aAmaral Sobrinho, N.M.B. do | |
| 100 | 1 | _aSantos, F.S. dos | |
| 100 | 1 | _aMagalhães, M.O.L. | |
| 100 | 1 | _aTolón-Becerra, A. | |
| 100 | 1 | _aLima, L. da S. | |
| 100 | 1 | _a | |
| 245 | 1 | _aEDTA-induced phytoextraction of lead and barium by brachiaria (B. decumbens cv. Basilisk)in soil contaminated by oil exploration drilling waste | |
| 650 | _aSOLO | ||
| 650 | _aMETAL PESADO | ||
| 650 | _aEXTRAÇÃO | ||
| 650 | _aPOLUENTE | ||
| 650 | _aCHUMBO | ||
| 650 | _aBRACHIARIA DECUMBENS | ||
| 773 | 0 |
_tActa Scientiarum Agronomy (Brazil) _xISSN 1679-9275 _g(Oct-Dec 2014), v. 36(4) p. 495-500 _wBR2015002119 |
|
| 909 |
_a202311 _bLúcia _c55 _dLúcia Elande |
||
| 942 |
_2AGRIS _n0 _cANA |
||
| 999 |
_c243648 _d243648 |
||